| 000 | 00478nam a2200157Ia 4500 | ||
|---|---|---|---|
| 008 | 210716s2009 xx 000 0 und d | ||
| 020 | _a9781844076109 | ||
| 041 | _aeng | ||
| 082 | _a174.9363 HOPM | ||
| 100 | _aHopkins, Michael. | ||
| 245 |
_aCorporate social responsibility and international development: is business the solution. _bIs business the solution. |
||
| 250 | _a1 | ||
| 260 |
_aNew York _bEarthscan _c2009 |
||
| 300 | _axvii,243 | ||
| 650 | _aCorporate Governance | ||
| 999 |
_c196183 _d196183 |
||